<?xml version="1.0" encoding="UTF-8"?>
<record
    xmlns:xsi="http://www.w3.org/2001/XMLSchema-instance"
    xsi:schemaLocation="http://www.loc.gov/MARC21/slim http://www.loc.gov/standards/marcxml/schema/MARC21slim.xsd"
    xmlns="http://www.loc.gov/MARC21/slim">

  <leader>00676nam a2200205Ia 4500</leader>
  <controlfield tag="008">220501s2019    xx            000 0 eng d</controlfield>
  <datafield tag="020" ind1=" " ind2=" ">
    <subfield code="a">9788131518342</subfield>
  </datafield>
  <datafield tag="082" ind1=" " ind2=" ">
    <subfield code="a">658.403 AND-I</subfield>
  </datafield>
  <datafield tag="100" ind1=" " ind2=" ">
    <subfield code="a">Anderson, David a.</subfield>
  </datafield>
  <datafield tag="245" ind1=" " ind2="0">
    <subfield code="a">Introduction to management science : quantitative approaches to decision making</subfield>
    <subfield code="c">David A. Anderson, Dennis J. Sweeney and Thomas A. Williams</subfield>
  </datafield>
  <datafield tag="250" ind1=" " ind2=" ">
    <subfield code="a">13th</subfield>
  </datafield>
  <datafield tag="260" ind1=" " ind2=" ">
    <subfield code="a">Andover</subfield>
    <subfield code="b">Cengage</subfield>
    <subfield code="c">2019</subfield>
  </datafield>
  <datafield tag="300" ind1=" " ind2=" ">
    <subfield code="a">xxx; 816p.</subfield>
  </datafield>
  <datafield tag="650" ind1=" " ind2=" ">
    <subfield code="a">Management science</subfield>
  </datafield>
  <datafield tag="650" ind1=" " ind2=" ">
    <subfield code="a">Management science - Mathematical models</subfield>
  </datafield>
  <datafield tag="650" ind1=" " ind2=" ">
    <subfield code="a">Operations Management</subfield>
  </datafield>
  <datafield tag="700" ind1=" " ind2=" ">
    <subfield code="a">Sweeney, Dennis J.</subfield>
  </datafield>
  <datafield tag="700" ind1=" " ind2=" ">
    <subfield code="a">Williams, Thomas A.</subfield>
  </datafield>
  <datafield tag="942" ind1=" " ind2=" ">
    <subfield code="2">ddc</subfield>
    <subfield code="c">BK</subfield>
    <subfield code="0">23</subfield>
  </datafield>
  <datafield tag="999" ind1=" " ind2=" ">
    <subfield code="c">18374</subfield>
    <subfield code="d">18374</subfield>
  </datafield>
  <datafield tag="952" ind1=" " ind2=" ">
    <subfield code="0">0</subfield>
    <subfield code="1">0</subfield>
    <subfield code="2">ddc</subfield>
    <subfield code="4">0</subfield>
    <subfield code="7">0</subfield>
    <subfield code="a">SOBD</subfield>
    <subfield code="b">SOBD</subfield>
    <subfield code="d">2019-03-08</subfield>
    <subfield code="e">Vedi Books</subfield>
    <subfield code="g">543.32</subfield>
    <subfield code="o">658.403 AND-I1</subfield>
    <subfield code="p">000332</subfield>
    <subfield code="r">2022-11-18</subfield>
    <subfield code="t">1</subfield>
    <subfield code="w">2019-02-27</subfield>
    <subfield code="y">REF</subfield>
    <subfield code="k">1149</subfield>
  </datafield>
  <datafield tag="952" ind1=" " ind2=" ">
    <subfield code="0">0</subfield>
    <subfield code="1">0</subfield>
    <subfield code="2">ddc</subfield>
    <subfield code="4">0</subfield>
    <subfield code="7">0</subfield>
    <subfield code="a">SOBD</subfield>
    <subfield code="b">SOBD</subfield>
    <subfield code="d">2019-03-08</subfield>
    <subfield code="e">Vedi Books</subfield>
    <subfield code="g">543.32</subfield>
    <subfield code="l">7</subfield>
    <subfield code="m">1</subfield>
    <subfield code="o">658.403 AND-I2</subfield>
    <subfield code="p">000333</subfield>
    <subfield code="r">2025-12-09</subfield>
    <subfield code="s">2025-12-01</subfield>
    <subfield code="t">2</subfield>
    <subfield code="w">2019-02-27</subfield>
    <subfield code="y">BK</subfield>
    <subfield code="k">1149</subfield>
  </datafield>
  <datafield tag="952" ind1=" " ind2=" ">
    <subfield code="0">0</subfield>
    <subfield code="1">0</subfield>
    <subfield code="2">ddc</subfield>
    <subfield code="4">0</subfield>
    <subfield code="7">0</subfield>
    <subfield code="a">SOBD</subfield>
    <subfield code="b">SOBD</subfield>
    <subfield code="d">2019-03-08</subfield>
    <subfield code="e">Vedi Books</subfield>
    <subfield code="g">543.32</subfield>
    <subfield code="l">9</subfield>
    <subfield code="m">3</subfield>
    <subfield code="o">658.403 AND-I3</subfield>
    <subfield code="p">000334</subfield>
    <subfield code="r">2025-12-04</subfield>
    <subfield code="s">2025-12-01</subfield>
    <subfield code="t">3</subfield>
    <subfield code="w">2019-02-27</subfield>
    <subfield code="y">BK</subfield>
    <subfield code="k">1149</subfield>
  </datafield>
  <datafield tag="952" ind1=" " ind2=" ">
    <subfield code="0">0</subfield>
    <subfield code="1">0</subfield>
    <subfield code="2">ddc</subfield>
    <subfield code="4">0</subfield>
    <subfield code="7">0</subfield>
    <subfield code="a">SOBD</subfield>
    <subfield code="b">SOBD</subfield>
    <subfield code="d">2019-03-08</subfield>
    <subfield code="e">Vedi Books</subfield>
    <subfield code="g">543.32</subfield>
    <subfield code="l">9</subfield>
    <subfield code="m">7</subfield>
    <subfield code="o">658.403 AND-I4</subfield>
    <subfield code="p">000335</subfield>
    <subfield code="r">2025-12-18</subfield>
    <subfield code="s">2025-11-21</subfield>
    <subfield code="t">4</subfield>
    <subfield code="w">2019-02-27</subfield>
    <subfield code="y">BK</subfield>
    <subfield code="k">1149</subfield>
  </datafield>
  <datafield tag="952" ind1=" " ind2=" ">
    <subfield code="0">0</subfield>
    <subfield code="1">0</subfield>
    <subfield code="2">ddc</subfield>
    <subfield code="4">0</subfield>
    <subfield code="7">0</subfield>
    <subfield code="a">SOBD</subfield>
    <subfield code="b">SOBD</subfield>
    <subfield code="d">2019-03-08</subfield>
    <subfield code="e">Vedi Books</subfield>
    <subfield code="g">543.32</subfield>
    <subfield code="l">10</subfield>
    <subfield code="m">5</subfield>
    <subfield code="o">658.403 AND-I5</subfield>
    <subfield code="p">000336</subfield>
    <subfield code="r">2025-12-04</subfield>
    <subfield code="s">2025-11-26</subfield>
    <subfield code="t">5</subfield>
    <subfield code="w">2019-02-27</subfield>
    <subfield code="y">BK</subfield>
    <subfield code="k">1149</subfield>
  </datafield>
</record>
